Music Quiz

Random Music Quiz
Score 0/12 Timer 05:00
0 Plays Today
Hint Answer % Correct
Fortress
92.9%
Addicted To Pain
78.8%
Lover
68.2%
Bleed It Dry
67.1%
All Ends Well
65.9%
The Uninvited
64.7%
Cry A River
60%
Peace Is Broken
58.8%
Calm The Fire
56.5%
Farther Than The Sun
56.5%
52.9%
Water Rising
51.8%
Remove Ads.
Support Sporcle.
Get the best of Sporcle when you Go Orange. This ad-free experience offers more features, more stats, and more fun while also helping to support Sporcle. Thank you for becoming a member.

You're not logged in!

Compare scores with friends on all Sporcle quizzes.
OR
Log In

Show Comments

Extras

Created Oct 16, 2013ReportNominate
Tags:Alter, bridge, fortress

Top Quizzes Today


Score Distribution

Your Account Isn't Verified!

In order to create a playlist on Sporcle, you need to verify the email address you used during registration. Go to your Sporcle Settings to finish the process.

Report this User

Report this user for behavior that violates our Community Guidelines.

Details: